[Event "V  Torneo Internacional A.D. San Juan"]
[Site "Pamplona (Navarra). Hotel Blanca de Navarra (Avda.
[Date "2011.07.25"]
[Round "1"]
[Board "1"]
[White "Krug Cortegoso, Rodolfo Martin"]
[Black "Delchev, Aleksander"]
[Result "0-1"]
[WhiteElo "2127"]
[BlackElo "2622"]
[PlyCount "48"]
[EventDate "2011.07.25"]
[EventRounds "9"]
[EventCountry "ESP"]

1.Nf3 d5 2.d4 Nf6 3.c4 e6 4.g3 Bb4+ 5.Nbd2 dxc4 6.Bg2 a5 7.O-O b5 8.a4 c6 9.Ne5
Ra6 10.Nb1 O-O 11.Bf4 Rb6 12.Nc3 Nd5 13.Bd2 f6 14.Ng4 Bxc3 15.bxc3 b4 16.e4 Nxc3
17.Bxc3 bxc3 18.Ne3 Ba6 19.d5 cxd5 20.exd5 Rd6 21.Qd4 Nc6 22.Qc5 Nb4 23.dxe6
Rxe6 24.Rfc1 Rd6 0-1

[Event "V  Torneo Internacional A.D. San Juan"]
[Site "Pamplona (Navarra). Hotel Blanca de Navarra (Avda.
[Date "2011.07.25"]
[Round "1"]
[Board "1"]
[White "Granda Zuniga, Julio E"]
[Black "Arrese-Igor Sanchez, Cesareo"]
[Result "1-0"]
[WhiteElo "2616"]
[BlackElo "2126"]
[PlyCount "55"]
[EventDate "2011.07.25"]
[EventRounds "9"]
[EventCountry "ESP"]

1.d4 Nf6 2.c4 e5 3.dxe5 Ne4 4.Nd2 Nc5 5.b4 Ne6 6.a3 a5 7.b5 b6 8.Bb2 Bb7 9.Ngf3
d6 10.exd6 Bxd6 11.g3 Nd7 12.Bg2 O-O 13.O-O Ndc5 14.Qc2 Qe8 15.e3 Rd8 16.Rad1 f5
17.Nd4 Bxg2 18.Kxg2 f4 19.Nxe6 Nxe6 20.exf4 Bxf4 21.Nf3 Rxd1 22.Rxd1 Bd6 23.Qd3
Kh8 24.Re1 Qd7 25.Qd5 Nc5 26.Re3 Rf5 27.Ne5 Bxe5 28.Qa8+ 1-0

[Event "V  Torneo Internacional A.D. San Juan"]
[Site "Pamplona (Navarra). Hotel Blanca de Navarra (Avda.
[Date "2011.07.25"]
[Round "1"]
[Board "1"]
[White "Maza Broto, Pablo"]
[Black "Solodovnichenko, Yuri"]
[Result "0-1"]
[WhiteElo "2096"]
[BlackElo "2615"]
[PlyCount "66"]
[EventDate "2011.07.25"]
[EventRounds "9"]
[EventCountry "ESP"]

1.d4 g6 2.Nf3 Bg7 3.Bf4 d6 4.e3 Nd7 5.h3 e5 6.Bh2 Qe7 7.Be2 Ngf6 8.c4 Ne4 9.Nc3
Nxc3 10.bxc3 O-O 11.O-O b6 12.Qc2 Bb7 13.Rae1 Rae8 14.Nd2 f5 15.d5 c6 16.dxc6
Bxc6 17.e4 f4 18.a4 Nc5 19.Ra1 Qc7 20.f3 h5 21.Kh1 g5 22.Bg1 Bd7 23.Rfd1 Rf6
24.Nb3 g4 25.Bf1 Rg6 26.Nxc5 bxc5 27.Qd3 Kh8 28.Rd2 Qc8 29.Kh2 Rg8 30.fxg4 hxg4
31.Kh1 gxh3 32.gxh3 Rg3 33.Qxd6 Rxg1+ 0-1

[Event "V  Torneo Internacional A.D. San Juan"]
[Site "Pamplona (Navarra). Hotel Blanca de Navarra (Avda.
[Date "2011.07.25"]
[Round "1"]
[Board "1"]
[White "Damljanovic, Branko"]
[Black "Vinal Gutierrez, Pedro"]
[Result "1-0"]
[WhiteElo "2611"]
[BlackElo "2074"]
[PlyCount "60"]
[EventDate "2011.07.25"]
[EventRounds "9"]
[EventCountry "ESP"]

1.d4 Nf6 2.c4 e6 3.Nf3 Bb4+ 4.Bd2 Qe7 5.Qc2 O-O 6.e4 Bxd2+ 7.Nbxd2 d6 8.e5 Nfd7
9.Bd3 f5 10.exf6 Nxf6 11.O-O Nc6 12.a3 e5 13.d5 Nb8 14.Rae1 Bg4 15.Nh4 Nbd7
16.h3 Bh5 17.f4 Nc5 18.fxe5 dxe5 19.Bf5 g6 20.b4 Nfd7 21.Nxg6 Bxg6 22.Bxg6 Rxf1+
23.Kxf1 Rf8+ 24.Nf3 hxg6 25.Qxg6+ Qg7 26.Qxg7+ Kxg7 27.bxc5 Nxc5 28.Rxe5 Kf6
29.Re3 Rf7 30.g4 Rh7 1-0

[Event "V  Torneo Internacional A.D. San Juan"]
[Site "Pamplona (Navarra). Hotel Blanca de Navarra (Avda.
[Date "2011.07.25"]
[Round "1"]
[Board "1"]
[White "Cemborain Oricain, Alfonso"]
[Black "Iturrizaga, Eduardo"]
[Result "0-1"]
[WhiteElo "2037"]
[BlackElo "2603"]
[PlyCount "58"]
[EventDate "2011.07.25"]
[EventRounds "9"]
[EventCountry "ESP"]

1.e4 c5 2.c3 Nf6 3.e5 Nd5 4.d4 cxd4 5.Nf3 g6 6.Bc4 Nb6 7.Bb3 Bg7 8.O-O O-O
9.cxd4 d6 10.h3 Nc6 11.Qe2 Bf5 12.Nc3 dxe5 13.g4 Nxd4 14.Nxd4 exd4 15.gxf5 dxc3
16.fxg6 hxg6 17.bxc3 Qc8 18.Kh2 Qxc3 19.Bf4 Qb4 20.Qg4 e6 21.Rab1 Qa5 22.Rfe1
Rad8 23.Qg3 Qf5 24.Bd6 Rfe8 25.Rbd1 Nd5 26.Ba4 Nc3 27.Bxe8 Nxd1 28.Bxf7+ Kxf7
29.Rxd1 Rxd6 0-1

[Event "V  Torneo Internacional A.D. San Juan"]
[Site "Pamplona (Navarra). Hotel Blanca de Navarra (Avda.
[Date "2011.07.25"]
[Round "1"]
[Board "1"]
[White "Chatalbashev, Boris"]
[Black "Arnedo Ruiz, Alberto"]
[Result "1-0"]
[WhiteElo "2596"]
[BlackElo "2029"]
[PlyCount "63"]
[EventDate "2011.07.25"]
[EventRounds "9"]
[EventCountry "ESP"]

1.d4 d5 2.c4 c6 3.Nf3 Nf6 4.e3 Bf5 5.Nc3 e6 6.Nh4 Bg6 7.Bd2 Nbd7 8.Nxg6 hxg6
9.Qc2 Bd6 10.O-O-O Qe7 11.Kb1 O-O 12.h4 dxc4 13.Bxc4 c5 14.dxc5 Bxc5 15.Be2 b5
16.Bxb5 Rab8 17.Bxd7 Qxd7 18.h5 Rfc8 19.hxg6 Ba3 20.Bc1 Qc7 21.gxf7+ Kxf7 22.Ka1
Qa5 23.e4 Rc4 24.f3 Rbc8 25.Rd3 R8c7 26.Bd2 Bb4 27.Qb3 Nd7 28.Bf4 Rxc3 29.bxc3
Bxc3+ 30.Kb1 Rc6 31.Rxd7+ Ke8 32.Rb7 1-0

[Event "V  Torneo Internacional A.D. San Juan"]
[Site "Pamplona (Navarra). Hotel Blanca de Navarra (Avda.
[Date "2011.07.25"]
[Round "1"]
[Board "1"]
[White "Tetimov, Ivan"]
[Black "Oleksienko, Mikhailo"]
[Result "0-1"]
[WhiteElo "2009"]
[BlackElo "2564"]
[PlyCount "76"]
[EventDate "2011.07.25"]
[EventRounds "9"]
[EventCountry "ESP"]

1.d4 Nf6 2.Nf3 e6 3.c4 c5 4.g3 cxd4 5.Nxd4 Nc6 6.Bg2 Qb6 7.Nb5 Ne5 8.Be3 Bc5
9.Bxc5 Qxc5 10.Qd6 Qxd6 11.Nxd6+ Ke7 12.c5 Rb8 13.Nd2 b6 14.cxb6 Rxb6 15.N6c4
Nxc4 16.Nxc4 Rb8 17.b3 Ba6 18.Na3 Rhc8 19.Kd2 Rc5 20.Rhc1 Rf5 21.f4 Rh5 22.Rh1
g5 23.h3 gxf4 24.gxf4 Rg8 25.Bf3 Rh4 26.Ke3 Nd5+ 27.Bxd5 exd5 28.Rag1 Rxg1
29.Rxg1 Rxh3+ 30.Kd4 Rh2 31.Re1 h5 32.Kxd5 Rxe2 33.Rxe2+ Bxe2 34.Ke4 h4 35.Ke3
h3 36.Kf2 Bd3 37.Kg3 Kd6 38.b4 Kd5 0-1

[Event "V  Torneo Internacional A.D. San Juan"]
[Site "Pamplona (Navarra). Hotel Blanca de Navarra (Avda.
[Date "2011.07.26"]
[Round "2"]
[Board "1"]
[White "Delchev, Aleksander"]
[Black "Hansen, Torbjorn Ringdal"]
[Result "1-0"]
[WhiteElo "2622"]
[BlackElo "2468"]
[PlyCount "75"]
[EventDate "2011.07.25"]
[EventRounds "9"]
[EventCountry "ESP"]

1.e4 e5 2.Nf3 Nc6 3.Bb5 a6 4.Ba4 Nf6 5.O-O b5 6.Bb3 Bb7 7.d3 Be7 8.Re1 O-O
9.Nbd2 Re8 10.Nf1 Bf8 11.c3 h6 12.Ng3 Na5 13.Bc2 c5 14.d4 cxd4 15.cxd4 d5
16.Nxe5 dxe4 17.Bf4 Nc4 18.Nxc4 bxc4 19.Be5 Bd6 20.Bxf6 Qxf6 21.Nxe4 Bxe4
22.Bxe4 Bxh2+ 23.Kf1 Rab8 24.Qf3 Qxf3 25.Bxf3 Rxe1+ 26.Rxe1 Bf4 27.Bd5 Kf8
28.Re2 Bc1 29.Bxc4 Bxb2 30.d5 a5 31.d6 Bf6 32.Bb3 Rd8 33.Ba4 Rb8 34.g3 g5 35.d7
Rb4 36.Re8+ Kg7 37.Bc6 Rc4 38.Bd5 1-0

[Event "V  Torneo Internacional A.D. San Juan"]
[Site "Pamplona (Navarra). Hotel Blanca de Navarra (Avda.
[Date "2011.07.26"]
[Round "2"]
[Board "1"]
[White "Simonian, Hrair"]
[Black "Granda Zuniga, Julio E"]
[Result "0-1"]
[WhiteElo "2461"]
[BlackElo "2616"]
[PlyCount "110"]
[EventDate "2011.07.25"]
[EventRounds "9"]
[EventCountry "ESP"]

1.e4 c5 2.Nc3 Nc6 3.Bb5 g6 4.Bxc6 bxc6 5.d3 Bg7 6.Nge2 d6 7.Bd2 h5 8.O-O Nh6
9.Qc1 Kf8 10.f4 Kg8 11.Na4 Kh7 12.Bc3 f6 13.b3 e5 14.fxe5 fxe5 15.h3 g5 16.Bd2
Kg6 17.Qe1 h4 18.Kh1 Qe7 19.Ng1 Bd7 20.Qe3 Nf7 21.Rf2 Nd8 22.Nf3 Bh6 23.Qe2 Ne6
24.Raf1 Raf8 25.Nh2 Nf4 26.Bxf4 gxf4 27.Nf3 Kh7 28.Qe1 Bg7 29.Qa5 Bf6 30.c4 Bc8
31.Nc3 Qb7 32.a3 Qb6 33.Qxb6 axb6 34.b4 Rf7 35.Rb1 Ra7 36.Ra2 cxb4 37.axb4 Rxa2
38.Nxa2 Be6 39.b5 Ra8 40.Nb4 cxb5 41.cxb5 Ra4 42.Nc6 Ra3 43.Nb4 Kg6 44.Nd2 Rc3
45.Ra1 Rc5 46.Na6 Rxb5 47.Rb1 Rxb1+ 48.Nxb1 f3 49.Kg1 Bg5 50.Kf2 fxg2 51.Kxg2
Bb3 52.Nb4 Be3 53.Kf3 Bc5 54.Na6 Bd1+ 55.Kg2 Bc2 0-1

[Event "V  Torneo Internacional A.D. San Juan"]
[Site "Pamplona (Navarra). Hotel Blanca de Navarra (Avda.
[Date "2011.07.26"]
[Round "2"]
[Board "1"]
[White "Solodovnichenko, Yuri"]
[Black "Huerga Leache, Mikel"]
[Result "1-0"]
[WhiteElo "2615"]
[BlackElo "2453"]
[PlyCount "87"]
[EventDate "2011.07.25"]
[EventRounds "9"]
[EventCountry "ESP"]

1.e4 c5 2.Nf3 Nc6 3.Bb5 a6 4.Bxc6 dxc6 5.d3 Qc7 6.Nbd2 e5 7.Nc4 Bd6 8.c3 Ne7
9.d4 cxd4 10.cxd4 Bb4+ 11.Ke2 f5 12.dxe5 fxe4 13.Ng5 Nd5 14.Nxe4 O-O 15.a3 Qf7
16.f3 Be7 17.Kf2 Qh5 18.Qd4 Bh4+ 19.Kg1 Rxf3 20.gxf3 Qxf3 21.Ng5 Bxg5 22.Bxg5
Bh3 23.Qf2 Qg4+ 24.Qg3 Qxc4 25.Qxh3 Qd4+ 26.Kg2 h6 27.Rhd1 Qxb2+ 28.Kh1 hxg5
29.Qe6+ Kh8 30.Qf5 Re8 31.Re1 Kg8 32.Qxg5 Qc3 33.Qg3 Qc2 34.Rac1 Qf5 35.Rc4 Re6
36.Rg4 g6 37.Rg5 Qc2 38.h4 Ne7 39.Qg4 Qb3 40.h5 Kg7 41.Kh2 Qa2+ 42.Re2 Qd5
43.Qf4 Nf5 44.Qxf5 1-0

[Event "V  Torneo Internacional A.D. San Juan"]
[Site "Pamplona (Navarra). Hotel Blanca de Navarra (Avda.
[Date "2011.07.26"]
[Round "2"]
[Board "1"]
[White "Antoli Royo, Joaquin Miguel"]
[Black "Damljanovic, Branko"]
[Result "0-1"]
[WhiteElo "2434"]
[BlackElo "2611"]
[PlyCount "88"]
[EventDate "2011.07.25"]
[EventRounds "9"]
[EventCountry "ESP"]

1.e4 c5 2.c3 Nf6 3.e5 Nd5 4.d4 cxd4 5.cxd4 d6 6.Nf3 Nc6 7.Bc4 Nb6 8.Bd3 Bg4 9.h3
Bxf3 10.Qxf3 Nxd4 11.Qxb7 Qc8 12.Qxc8+ Rxc8 13.Nc3 dxe5 14.O-O e6 15.Be3 Bc5
16.Rac1 O-O 17.Ba6 Rb8 18.Rfd1 Rfd8 19.Kf1 Be7 20.Nb5 Nxb5 21.Rxd8+ Bxd8 22.Bxb5
Nd5 23.Bxa7 Rxb5 24.Rc8 g5 25.Rxd8+ Kg7 26.b3 Ra5 27.Bb8 Rxa2 28.Bxe5+ f6 29.Bd6
Rb2 30.Rb8 Nc3 31.Kg1 Ne4 32.Bf8+ Kg6 33.f3 Ng3 34.Kh2 Nf5 35.b4 Nh4 36.Kg1
Rxg2+ 37.Kf1 Rb2 38.b5 Nxf3 39.b6 Nd2+ 40.Kg1 Nc4 41.Bc5 Kf5 42.Bd4 Rb1+ 43.Kf2
e5 44.Bc5 Rb5 0-1

[Event "V  Torneo Internacional A.D. San Juan"]
[Site "Pamplona (Navarra). Hotel Blanca de Navarra (Avda.
[Date "2011.07.26"]
[Round "2"]
[Board "1"]
[White "Iturrizaga, Eduardo"]
[Black "Tania, Sachdev"]
[Result "1-0"]
[WhiteElo "2603"]
[BlackElo "2419"]
[PlyCount "83"]
[EventDate "2011.07.25"]
[EventRounds "9"]
[EventCountry "ESP"]

1.c4 Nf6 2.Nc3 e5 3.Nf3 Nc6 4.a3 d5 5.cxd5 Nxd5 6.Qc2 Be7 7.e3 a6 8.Nxd5 Qxd5
9.Bd3 Qd6 10.b4 Be6 11.Bb2 Bf6 12.Rc1 Bd5 13.Be4 Bxe4 14.Qxe4 O-O 15.g4 g6 16.h4
Rad8 17.g5 Bg7 18.h5 Rfe8 19.hxg6 Qxg6 20.Rh4 Re6 21.Ke2 Rd7 22.Qxg6 hxg6 23.Re4
Rde7 24.Rh1 Na7 25.Reh4 Nb5 26.Nh2 f5 27.gxf6 Bxf6 28.Rg4 Bg7 29.Rhg1 Kf7 30.Nf3
Rc6 31.a4 Na7 32.Bc3 Nc8 33.Ng5+ Ke8 34.Ne4 Kf7 35.b5 axb5 36.axb5 Rb6 37.Bb4
Re8 38.Bc5 Rxb5 39.Rxg6 Rg8 40.R6g3 b6 41.Rf3+ Ke6 42.Rg6+ 1-0

[Event "V  Torneo Internacional A.D. San Juan"]
[Site "Pamplona (Navarra). Hotel Blanca de Navarra (Avda.
[Date "2011.07.26"]
[Round "2"]
[Board "1"]
[White "Klenburg, Mikhail"]
[Black "Chatalbashev, Boris"]
[Result "0-1"]
[WhiteElo "2412"]
[BlackElo "2596"]
[PlyCount "56"]
[EventDate "2011.07.25"]
[EventRounds "9"]
[EventCountry "ESP"]

1.g3 g6 2.Bg2 Bg7 3.d3 c5 4.e4 Nc6 5.f4 d6 6.Nf3 e5 7.c3 Nge7 8.O-O O-O 9.Na3
exf4 10.Bxf4 Ne5 11.Qd2 N7c6 12.Rad1 Be6 13.b3 Qa5 14.Nb1 Rad8 15.Ng5 Bg4
16.Rde1 Qa6 17.h3 Bc8 18.Rd1 f6 19.Nf3 Nxf3+ 20.Rxf3 g5 21.Be3 g4 22.Rf2 gxh3
23.Bf1 Qa5 24.d4 cxd4 25.cxd4 Qxd2 26.Rdxd2 Rde8 27.Nc3 f5 28.Bxh3 f4 0-1

[Event "V  Torneo Internacional A.D. San Juan"]
[Site "Pamplona (Navarra). Hotel Blanca de Navarra (Avda.
[Date "2011.07.26"]
[Round "2"]
[Board "1"]
[White "Oleksienko, Mikhailo"]
[Black "Garza Marco, Sergio"]
[Result "1/2-1/2"]
[WhiteElo "2564"]
[BlackElo "2403"]
[PlyCount "68"]
[EventDate "2011.07.25"]
[EventRounds "9"]
[EventCountry "ESP"]

1.e4 e6 2.d4 d5 3.Nd2 Be7 4.c3 c5 5.dxc5 Bxc5 6.Nb3 Bb6 7.exd5 exd5 8.Qe2+ Ne7
9.Be3 Bxe3 10.Qxe3 O-O 11.Nf3 Re8 12.O-O-O Nd7 13.h4 Nf6 14.h5 Nc6 15.Qf4 a5
16.Nbd4 a4 17.a3 Bg4 18.h6 g6 19.Bd3 Nxd4 20.Qxd4 Re6 21.Ng5 Bxd1 22.Nxe6 fxe6
23.Rxd1 Qf8 24.Kb1 Nd7 25.Re1 Nc5 26.Bxg6 Qxh6 27.Bc2 b6 28.Re3 Ra7 29.Rh3 Qf8
30.Rf3 Rf7 31.Bxh7+ Kxh7 32.Rh3+ Kg6 33.Rg3+ Kh7 34.Rh3+ Kg6 {(=)} 1/2-1/2

[Event "V  Torneo Internacional A.D. San Juan"]
[Site "Pamplona (Navarra). Hotel Blanca de Navarra (Avda.
[Date "2011.07.26"]
[Round "2"]
[Board "1"]
[White "Vazquez Igarza, Renier"]
[Black "Valles Moreno, Ivan"]
[Result "0-1"]
[WhiteElo "2561"]
[BlackElo "2387"]
[PlyCount "72"]
[EventDate "2011.07.25"]
[EventRounds "9"]
[EventCountry "ESP"]

1.c4 f5 2.g3 Nf6 3.Bg2 g6 4.Nc3 Bg7 5.d3 d6 6.Nh3 c6 7.O-O O-O 8.e3 a5 9.Rb1 Nh5
10.f4 Nd7 11.Qd2 e5 12.b3 Ndf6 13.Nf2 Re8 14.Ba3 Bh6 15.Rbe1 g5 16.Nh3 gxf4
17.exf4 Ng4 18.Kh1 Be6 19.d4 exf4 20.gxf4 Qh4 21.Bxd6 Ng3+ 22.Kg1 Nxf1 23.Rxf1
Rad8 24.c5 Bf7 25.d5 Re3 26.dxc6 bxc6 27.Rf3 Rxf3 28.Bxf3 Qxh3 29.Bxc6 Bg7
30.Nd5 Kh8 31.Ne7 Bf6 32.Nxf5 Rg8 33.Bg2 Nxh2 34.Qe2 Bd5 35.Ne3 Bxg2 36.Nxg2
Bd4+ 0-1

[Event "V  Torneo Internacional A.D. San Juan"]
[Site "Pamplona (Navarra). Hotel Blanca de Navarra (Avda.
[Date "2011.07.26"]
[Round "3"]
[Board "1"]
[White "Aroshidze, Levan"]
[Black "Delchev, Aleksander"]
[Result "1/2-1/2"]
[WhiteElo "2539"]
[BlackElo "2622"]
[PlyCount "61"]
[EventDate "2011.07.25"]
[EventRounds "9"]
[EventCountry "ESP"]

1.e4 e5 2.Nf3 Nc6 3.Bb5 a6 4.Ba4 Nge7 5.c3 g6 6.O-O Bg7 7.d4 exd4 8.cxd4 b5
9.Bb3 O-O 10.Nc3 Na5 11.Bc2 d6 12.h3 Bb7 13.Re1 Nc4 14.Ne2 c5 15.b3 Nb6 16.Be3
Rc8 17.Qd2 Nc6 18.Rad1 cxd4 19.Nexd4 Nxd4 20.Bxd4 Bxd4 21.Nxd4 Nd7 22.Bb1 Re8
23.Nf3 Ne5 24.Nh2 h5 25.f4 Nd7 26.Qxd6 Nc5 27.Qxd8 Rexd8 28.Rxd8+ Rxd8 29.Nf3
Re8 30.Nd2 Rd8 31.Nf3 1/2-1/2

[Event "V  Torneo Internacional A.D. San Juan"]
[Site "Pamplona (Navarra). Hotel Blanca de Navarra (Avda.
[Date "2011.07.26"]
[Round "3"]
[Board "1"]
[White "Granda Zuniga, Julio E"]
[Black "Castellanos Rodriguez, Renier"]
[Result "1/2-1/2"]
[WhiteElo "2616"]
[BlackElo "2497"]
[PlyCount "157"]
[EventDate "2011.07.25"]
[EventRounds "9"]
[EventCountry "ESP"]

1.d4 Nf6 2.c4 g6 3.Nc3 Bg7 4.e4 d6 5.Be2 O-O 6.Bg5 h6 7.Be3 c5 8.d5 e6 9.Nf3
exd5 10.exd5 Ng4 11.Bd2 Nd7 12.O-O f5 13.Ne1 Ngf6 14.g3 Ne5 15.Ng2 Re8 16.f4
Ned7 17.Bf3 Nf8 18.Qc2 Bd7 19.Ne3 a6 20.a4 Qc7 21.Kg2 Re7 22.Rae1 Rae8 23.Ned1
Rxe1 24.Rxe1 Rxe1 25.Bxe1 Bc8 26.Nf2 Qe7 27.Bd2 N8d7 28.a5 h5 29.h3 Ne8 30.Na4
Bd4 31.Bc3 Qe3 32.Qd2 Qxd2 33.Bxd2 Nef6 34.Nd3 Kf7 35.Nc1 Ne8 36.Ne2 Bf6 37.g4
hxg4 38.hxg4 Ng7 39.g5 Bd8 40.b3 Ne8 41.Nc1 Bc7 42.Nd3 b6 43.axb6 Nxb6 44.Nab2
Bd7 45.b4 cxb4 46.Nxb4 a5 47.Na6 a4 48.Bb4 Bd8 49.Nb8 Bc7 50.Nxd7 Nxd7 51.Nxa4
Nb6 52.Nb2 Nd7 53.Bd1 Bb6 54.Bc3 Nc5 55.Bc2 Nc7 56.Kf3 N7a6 57.Nd1 Nd7 58.Ne3
Bxe3 59.Kxe3 Ndc5 60.Kd2 Nd7 61.Ba5 Ndc5 62.Kc3 Ke7 63.Kb2 Nb8 64.Ka3 Nba6
65.Bb6 Nd7 66.Be3 Ndc5 67.Bd2 Kf7 68.Bc3 Ke7 69.Bd4 Kf7 70.Bf2 Ke7 71.Be3 Kf7
72.Ba4 Nd3 73.Bd7 Nac5 74.Bc8 Ke7 75.Ka2 Kd8 76.Be6 Ke7 77.Bc8 Kd8 78.Be6 Ke7
79.Bc8 {[%emt 0:33:31]} 1/2-1/2

[Event "V  Torneo Internacional A.D. San Juan"]
[Site "Pamplona (Navarra). Hotel Blanca de Navarra (Avda.
[Date "2011.07.26"]
[Round "3"]
[Board "1"]
[White "Khamrakulov, Ibragim S"]
[Black "Solodovnichenko, Yuri"]
[Result "1/2-1/2"]
[WhiteElo "2496"]
[BlackElo "2615"]
[PlyCount "69"]
[EventDate "2011.07.25"]
[EventRounds "9"]
[EventCountry "ESP"]

1.e4 e5 2.Nf3 Nf6 3.Nxe5 d6 4.Nf3 Nxe4 5.d4 d5 6.Bd3 Nc6 7.O-O Be7 8.c4 Nb4
9.Be2 O-O 10.Nc3 Bf5 11.a3 Nxc3 12.bxc3 Nc6 13.Bf4 dxc4 14.Bxc4 Bd6 15.Qd2 Qd7
16.Rfe1 Rae8 17.Bxd6 Qxd6 18.Qg5 Bd7 19.Qh5 h6 20.a4 Qf6 21.h3 Qf5 22.Qxf5 Bxf5
23.Bd5 Bd7 24.a5 Rxe1+ 25.Nxe1 b6 26.axb6 axb6 27.Nd3 Ne7 28.Bb3 Nc6 29.Bd5 Ne7
30.Bc4 Nc6 31.Bb5 Rd8 32.Bxc6 Bxc6 33.Ra7 Bb5 34.Nb2 Rc8 35.c4 {(=)} 1/2-1/2

[Event "V  Torneo Internacional A.D. San Juan"]
[Site "Pamplona (Navarra). Hotel Blanca de Navarra (Avda.
[Date "2011.07.26"]
[Round "3"]
[Board "1"]
[White "Damljanovic, Branko"]
[Black "Riff, Jean-Noel"]
[Result "1/2-1/2"]
[WhiteElo "2611"]
[BlackElo "2493"]
[PlyCount "100"]
[EventDate "2011.07.25"]
[EventRounds "9"]
[EventCountry "ESP"]

1.c4 Nf6 2.Nc3 e5 3.g3 Bb4 4.Bg2 O-O 5.e4 Bxc3 6.dxc3 d6 7.Qe2 a6 8.Nf3 b5 9.Bg5
Nbd7 10.Nd2 h6 11.Bxf6 Qxf6 12.O-O Qe6 13.a4 bxc4 14.Qxc4 Qxc4 15.Nxc4 Nb6
16.Nxb6 cxb6 17.Rad1 Rd8 18.Rd3 Kf8 19.c4 Be6 20.Rc1 Ke7 21.Bf1 Rdc8 22.Rdc3 Rc6
23.Bd3 Rac8 24.Kf1 a5 25.Ke2 Rc5 26.Ke3 f6 27.R3c2 R8c6 28.b3 Rc7 29.h4 Rc8
30.Rb1 R8c7 31.f4 Bf7 32.Rh2 Rc8 33.Be2 Be6 34.f5 Bf7 35.g4 Rh8 36.Bd3 Rc6
37.Rg1 Rcc8 38.Rb2 Rc6 39.Kd2 Rd8 40.Rg3 Rc7 41.Rb1 Rcc8 42.Be2 Rc7 43.g5 hxg5
44.hxg5 Rh8 45.Rbg1 Rcc8 46.Kc3 Rh4 47.Bd3 Rh5 48.g6 Be8 49.Rb1 Rh4 50.Rgg1 Bc6 1/2-1/2

[Event "V  Torneo Internacional A.D. San Juan"]
[Site "Pamplona (Navarra). Hotel Blanca de Navarra (Avda.
[Date "2011.07.26"]
[Round "3"]
[Board "1"]
[White "Reinaldo Castineira, Roi"]
[Black "Iturrizaga, Eduardo"]
[Result "1/2-1/2"]
[WhiteElo "2492"]
[BlackElo "2603"]
[PlyCount "120"]
[EventDate "2011.07.25"]
[EventRounds "9"]
[EventCountry "ESP"]

1.Nf3 c5 2.e4 Nc6 3.d4 cxd4 4.Nxd4 g6 5.c4 Nf6 6.Nc3 d6 7.Be2 Nxd4 8.Qxd4 Bg7
9.Be3 O-O 10.Qd2 a5 11.Rd1 Bd7 12.c5 Bc6 13.Qc2 Qc8 14.Bf3 dxc5 15.Bxc5 Qe6
16.O-O Rac8 17.Qb3 Qxb3 18.axb3 Bxe4 19.Nxe4 Nxe4 20.Bxe7 Rfe8 21.Rd7 Nc5
22.Bxc5 Rxc5 23.Bxb7 Bxb2 24.Bd5 Rf8 25.g3 Kg7 26.Re1 Rc1 27.Rxc1 Bxc1 28.f4 h5
29.h4 Ba3 30.Kg2 Kf6 31.Ra7 Bb4 32.Kf3 Kg7 33.Bc4 Kf6 34.Rb7 Kg7 35.f5 gxf5
36.Rb5 Kf6 37.Bd3 Rd8 38.Rxf5+ Ke6 39.Be4 Rh8 40.Rb5 Be1 41.Bd5+ Kf6 42.Rb6+ Kg7
43.Rb7 Rf8 44.Bc4 Kg6 45.Rb6+ Kg7 46.Rb5 Kh6 47.Re5 Bb4 48.Rf5 f6 49.Kf2 Bc3
50.Be2 Bd4+ 51.Kg2 Re8 52.Rxh5+ Kg6 53.Bf3 f5 54.Rg5+ Kf6 55.g4 fxg4 56.Rxg4 Be5
57.Be4 Rh8 58.Kf3 Ke7 59.Bg6 Rb8 60.Bc2 Rb4 1/2-1/2

[Event "V  Torneo Internacional A.D. San Juan"]
[Site "Pamplona (Navarra). Hotel Blanca de Navarra (Avda.
[Date "2011.07.26"]
[Round "3"]
[Board "1"]
[White "Chatalbashev, Boris"]
[Black "Venkatesh, M R"]
[Result "0-1"]
[WhiteElo "2596"]
[BlackElo "2480"]
[PlyCount "102"]
[EventDate "2011.07.25"]
[EventRounds "9"]
[EventCountry "ESP"]

1.d4 Nf6 2.c4 e6 3.Nf3 d5 4.Nc3 Bb4 5.Bg5 Nbd7 6.cxd5 exd5 7.Qc2 h6 8.Bxf6 Qxf6
9.a3 Bxc3+ 10.Qxc3 c5 11.Qe3+ Qe7 12.Qxe7+ Kxe7 13.dxc5 Nxc5 14.Rd1 Rd8 15.g3
Bf5 16.Nd4 Be4 17.f3 Bg6 18.Bh3 Ne6 19.O-O Rac8 20.f4 Bc2 21.Rd2 Be4 22.Nb5 Rc5
23.Nc3 f5 24.Rfd1 a5 25.e3 g6 26.Bg2 b5 27.h4 Bxg2 28.Kxg2 Nc7 29.e4 fxe4
30.Nxe4 Rc4 31.Nf2 Rd6 32.Ng4 h5 33.Ne5 Rc5 34.b4 axb4 35.axb4 Rc3 36.Ra1 d4
37.Ra7 Kf6 38.Kf2 Kf5 39.Rb7 Ke4 40.Nf7 Rdc6 41.Ng5+ Kd5 42.Nf3 Rc2 43.Ke2 R6c3
44.Ne5 Ke4 45.Ra7 d3+ 46.Nxd3 Rxd2+ 47.Kxd2 Rxd3+ 48.Ke2 Nd5 49.Kf2 Rd2+ 50.Kg1
Kf3 51.Rg7 Ne3 0-1

[Event "V  Torneo Internacional A.D. San Juan"]
[Site "Pamplona (Navarra). Hotel Blanca de Navarra (Avda.
[Date "2011.07.26"]
[Round "3"]
[Board "1"]
[White "Berbatov, Kiprian"]
[Black "Ortiz Suarez, Isan Reynaldo"]
[Result "1/2-1/2"]
[WhiteElo "2472"]
[BlackElo "2556"]
[PlyCount "109"]
[EventDate "2011.07.25"]
[EventRounds "9"]
[EventCountry "ESP"]

1.e4 c5 2.Nf3 e6 3.d4 cxd4 4.Nxd4 a6 5.Nc3 Qc7 6.Bd3 Nf6 7.O-O d6 8.f4 Nbd7
9.Kh1 b5 10.Qe2 Bb7 11.Bd2 Be7 12.b4 O-O 13.a4 bxa4 14.Rxa4 Nb6 15.Ra2 d5 16.e5
Ne4 17.Nxe4 dxe4 18.Bxa6 Rfd8 19.c3 Bd5 20.Raa1 Rxa6 21.Qxa6 Bc4 22.Qa5 Ra8
23.Qxa8+ Nxa8 24.Rxa8+ Bf8 25.Re1 Bd5 26.Raa1 Qc4 27.Rab1 h5 28.Kg1 Be7 29.Rb2
Bh4 30.g3 Bd8 31.Rc2 e3 32.Bxe3 Bb7 33.h4 Bb6 34.Kh2 Be4 35.Rce2 Bd3 36.Rd2 Qxc3
37.Nf3 Be4 38.Ng5 Bd5 39.Rde2 Bxe3 40.Rxe3 Qxb4 41.R3e2 Qc4 42.Rb2 Kf8 43.Ra1
Qc7 44.Rf2 f6 45.exf6 gxf6 46.Nh3 Kg7 47.Re1 Qc3 48.Rg1 Bf3 49.Rgf1 Be4 50.Ng1
Kg6 51.f5+ Bxf5 52.Rxf5 exf5 53.Nh3 Kf7 54.Rxf5 Qe3 55.Rf2 1/2-1/2

[Event "V  Torneo Internacional A.D. San Juan"]
[Site "Pamplona (Navarra). Hotel Blanca de Navarra (Avda.
[Date "2011.07.26"]
[Round "3"]
[Board "1"]
[White "Almeida Quintana, Omar"]
[Black "Moen, Andreas"]
[Result "1-0"]
[WhiteElo "2548"]
[BlackElo "2333"]
[PlyCount "91"]
[EventDate "2011.07.25"]
[EventRounds "9"]
[EventCountry "ESP"]

1.d4 d5 2.Nf3 Nf6 3.c4 c6 4.Nc3 e6 5.e3 Nbd7 6.Qc2 Bd6 7.Bd3 dxc4 8.Bxc4 b5
9.Be2 Bb7 10.O-O O-O 11.Rd1 Qb8 12.e4 e5 13.dxe5 Nxe5 14.g3 b4 15.Nxe5 Bxe5
16.Na4 c5 17.Bf3 Rc8 18.a3 b3 19.Qxb3 Bxe4 20.Qxb8 Raxb8 21.Bxe4 Nxe4 22.Kg2 Bd4
23.Bf4 Rxb2 24.Nxb2 Bxb2 25.Rab1 Nc3 26.Rxb2 Nxd1 27.Rc2 c4 28.Kf3 c3 29.Be5 f6
30.Bd4 Rc4 31.Bxa7 Kf7 32.Be3 Ke6 33.Bc1 Kd6 34.Ke2 Rd4 35.Bf4+ Kc5 36.Rc1 g5
37.Rxd1 gxf4 38.Rxd4 Kxd4 39.Kd1 fxg3 40.fxg3 Kd3 41.g4 Ke4 42.a4 Kd4 43.Kc2 Kc4
44.a5 Kb5 45.Kxc3 Kxa5 46.Kc4 1-0

[Event "V  Torneo Internacional A.D. San Juan"]
[Site "Pamplona (Navarra). Hotel Blanca de Navarra (Avda.
[Date "2011.07.27"]
[Round "4"]
[Board "1"]
[White "Moreno Ruiz, Javier"]
[Black "Almeida Quintana, Omar"]
[Result "0-1"]
[WhiteElo "2545"]
[BlackElo "2548"]
[PlyCount "120"]
[EventDate "2011.07.25"]
[EventRounds "9"]
[EventCountry "ESP"]

1.c4 e5 2.g3 Nc6 3.Bg2 Bc5 4.Nc3 d6 5.e3 Nf6 6.Nge2 a6 7.d3 O-O 8.O-O Ba7 9.b3
Be6 10.Nd5 h6 11.Bb2 Bxd5 12.cxd5 Ne7 13.e4 c6 14.d4 cxd5 15.dxe5 dxe5 16.exd5
Qd6 17.Qd2 Rad8 18.Rad1 Rfe8 19.Nc3 Bd4 20.Rfe1 b5 21.Ne4 Nxe4 22.Rxe4 Bxb2
23.Qxb2 Nf5 24.Qe2 Kf8 25.Qh5 g6 26.Qe2 h5 27.Qb2 Kg8 28.a4 Rb8 29.Qe2 Kf8
30.Qd2 Kg7 31.Rde1 Nd4 32.axb5 Qxd5 33.Qb2 Qxb5 34.f4 Qxb3 35.Qxb3 Nxb3 36.Rxe5
Rxe5 37.Rxe5 Kf6 38.Rd5 a5 39.Rd6+ Ke7 40.Ra6 Rd8 41.Bf3 Rd2 42.f5 Rd6 43.Ra7+
Kf6 44.fxg6 fxg6 45.h4 Rd2 46.Be4 Nc5 47.Bc6 Ra2 48.Bd5 Ra3 49.Kg2 a4 50.Ra5 Rc3
51.Kf2 a3 52.Kg2 Ke5 53.Bf7 Kf5 54.Kf2 Kf6 55.Bd5 Nd3+ 56.Kg2 Nb4 57.Bg8 Kg7
58.Be6 Rc6 59.Bb3 Ra6 60.Rb5 a2 0-1